书目信息 |
| 题名: |
秧歌
|
|
| 作者: | 郭丹 编著 | |
| 分册: | ||
| 出版信息: | 长春 吉林出版集团股份有限公司 2020.04 |
|
| 页数: | 121页 | |
| 开本: | 23cm | |
| 丛书名: | 全民健身计划系列丛书 | |
| 单 册: | ||
| 中图分类: | J722.211 | |
| 科图分类: | ||
| 主题词: | 秧歌舞--yang ge wu--基本知识 | |
| 电子资源: | ||
| ISBN: | 978-7-5581-9483-2 | |
| 000 | 00988nam 2200277 450 | |
| 001 | CAL 010917560 | |
| 005 | 20230217093112.0 | |
| 010 | @a978-7-5581-9483-2@dCNY36.00 | |
| 100 | @a20220418d2020 em y0chiy0120 ea | |
| 101 | 0 | @achi |
| 102 | @aCN@b220000 | |
| 105 | @aa z 000yy | |
| 106 | @ar | |
| 200 | 1 | @a秧歌@Ayang ge@f郭丹编著 |
| 210 | @a长春@c吉林出版集团股份有限公司@d2020.04 | |
| 215 | @a121页@c彩图@d23cm | |
| 225 | 2 | @a全民健身计划系列丛书@Aquan min jian shen ji hua xi lie cong shu |
| 312 | @a英文题名取自封面 | |
| 330 | @a本书分为概述、运动保健、基本技术三章, 介绍了秧歌的起源与发展、运动价值、运动保护、东北秧歌练习、东北秧歌 (女)、山东鼓子秧歌、山东海阳秧歌等内容。 | |
| 410 | 0 | @12001 @a全民健身计划系列丛书@Aquan min jian shen ji hua xi lie cong shu |
| 510 | 1 | @aYange dance@zeng |
| 606 | 0 | @a秧歌舞@Ayang ge wu@x基本知识 |
| 690 | @aJ722.211@v5 | |
| 701 | 0 | @a郭丹@Aguo dan@4编著 |
| 801 | 0 | @aCN@bBJXHZP@c20230222 |
| 905 | @b1394962-5@dJ722.211@e336@f4 | |
| 秧歌/郭丹编著.-长春:吉林出版集团股份有限公司,2020.04 |
| 121页:彩图;23cm.-(全民健身计划系列丛书) |
| ISBN 978-7-5581-9483-2:CNY36.00 |
| 本书分为概述、运动保健、基本技术三章, 介绍了秧歌的起源与发展、运动价值、运动保护、东北秧歌练习、东北秧歌 (女)、山东鼓子秧歌、山东海阳秧歌等内容。 |
| ● |
| 相关链接 |
|
|
|
|
正题名:秧歌
索取号:J722.211/336
 
预约/预借
| 序号 | 登录号 | 条形码 | 馆藏地/架位号 | 状态 | 备注 |
| 1 | 1394962 | 213949628 | 第一样本阅览室/ [索取号:J722.211/336] | 在馆 | |
| 2 | 1394963 | 213949637 | 第一借阅区/ [索取号:J722.211/336] | 在馆 | |
| 3 | 1394964 | 213949646 | 第一借阅区/ [索取号:J722.211/336] | 在馆 | |
| 4 | 1394965 | 213949655 | 第一借阅区/ [索取号:J722.211/336] | 在馆 |